Personnages de fiction de A à Z en images #2 - Statistiques

Statistiques générales
  • Ce quiz a été pris 393 fois
  • Le résultat moyen est 17 sur 26
Statistiques - réponses
Par images Hint Réponse % Correct
D Donald Duck
99%
M Marsupilami
98%
O Oui-Oui
97%
Z Zorro
97%
N Naruto
96%
A Aquaman
95%
C Casper
95%
S Sonic
95%
W Willy Wonka
94%
Q Quasimodo
90%
T Thanos
86%
F Fantomas
75%
L Legolas
65%
J John Wick
64%
U Ulysse
64%
Y Yugi Muto
58%
V Vecna
51%
H Hisoka
47%
K Kratos
47%
B Belle
44%
R Ryuk
44%
I Iznogoud
41%
G Gomez Addams
37%
E Ezio Auditore
32%
P Petra
22%
X Xiao
9%
Aucun quiz correspondant
Distribution des résultats
% des personnes avec chaque résultat
Percentile par nombre de réponses
Votre historique - résultats
Vous n’avez pas pris ce quiz